Vallakohus Eestis

Titel: Vallakohus Eestis : 18. sajandi keskpaigast kuni 1866. aasta reformini / August Traat. Eesti NSV Akadeemia - Ajaloo Instituut
Verfasser:
Körperschaft:
Veröffentlicht: Tallinn : Eesti Raamat, 1980
Umfang: 247 S. : Ill.
Format: Buch
Sprache: Estnisch
Kein Bild verfügbar
X
Lokale Klassifikation: 47 12 F
alg: 6094298
001A    $03004:16-12-98 
001B    $01999:12-05-23 $t21:42:37.000 
001C    $06060:25-06-14 $t01:35:23.000 
001D    $09999:99-99-99 
001U    $0utf8 
001X    $00 
002@    $0Aar 
003@    $0060942983 
003O    $008131928 $aOCoLC 
007A    $0060942983 $aHEB 
007T    $0Herdhh060942983 
010@    $aest 
011@    $a1980 
013H    $0z 
021A    $aVallakohus Eestis $d18. sajandi keskpaigast kuni 1866. aasta reformini $hAugust Traat. Eesti NSV Akadeemia - Ajaloo Instituut 
028A    $7 $8Traat, August [Tnx] $9166815977 
029F    $RAkademija Nauk Ėstonskoj SSR $RAjaloo Instituut $RAkademija Nauk Ėstonii $#Akademija Nauk Ėstonii, Institut Istorii $#Akademija Nauk Ėstonii, Institute of History $#Institute of History Tallinn, Institut Istorii $#Ajaloo Instituut Akademija Nauk Ėstonii $#Akademija Nauk Ėstonskoj SSR, Institut Istorii $#Akademija Nauk Ėstonskoj SSR, Ajaloo Instituut $#Akademija Nauk Ėstonskoj SSR, Institute of History $#Institut für Geschichtsforschung Tallinn $#Akademija Nauk Ėstonskoj SSR, Institut für Geschichtsforschung $#Institut für Geschichtsforschung Reval $#Ajaloo Instituut Reval $#Institut Istorii Reval $#Institut für Geschichte Tallinn $#Akademija Nauk Ėstonskoj SSR, Institut für Geschichte $76073394-9 $8Institut Istorii$gTallinn [Tb1] $9203329333 
033A    $pTallinn $nEesti Raamat 
034D    $a247 S. 
034M    $aIll. 
045F    $a340.09 $eDDC23BSB 
045F/01 $a340.09 
045F/03 $f0903 
045F/03 $f09041 
045F/03 $g4798 
045G    $a351.09 $eDDC23BSB 
045G/01 $a351.09 
045G/03 $g4798 

lok: 6094298 24
101B    $005-12-02 $t20:18:19.035 
101C    $016-12-98 
145Z/01 $a47 12 F 
101U    $0utf8 

exp: 6094298 24 1 #EPN
201B/01 $023-07-10 $t17:15:20.000 
201C/01 $016-12-98 
201U/01 $0utf8 
203@/01 $012685372X 
208@/01 $a16-12-98 $br 
209A/01 $a47 XII F 10 $du $f050 $h47 12 F 10 $x00 
209C/01 $a80.6207 T $h80 6207 T 
209G/01 $a72607120 $x00 
247C/01 $8358050-7 Marburg, Bibliothek des Herder-Instituts Marburg $9102600961 

lok: 6094298 78

exp: 6094298 78 1 #EPN
201B/01 $019-04-17 $t18:26:17.000 
201U/01 $0utf8 
203@/01 $0793461170 
208@/01 $a12-11-16 $be 
209A/01 $a/ $f000 $x00 
237A/01 $aweiterführende Signatur(en): Herder-Institut: 47 XII F 10 
244Z/01 $2Trx $#Estija $#Igaunija $#Estland $#Estonia $#Estonia $#Estónsko $#Estonsko $8--Trx--Eesti $x01 $9391237225 
244Z/01 $2Trx $8--Trx--Monographie $x02 $9391384546 
245Z/01 $a07.01 $x01 
247C/01 $82080>Marburg/Lahn, Herder-Institut, Forschungsbibliothek, Bibliographieportal $9336309341
LEADER 00000cam a22000002c 4500
001 060942983
003 DE-603
005 20230512214237.0
007 tu
008 981216s1980 xx |||| | u00||u|est c
035 |a (DE-599)HEB060942983 
035 |a (OCoLC)08131928 
040 |a DE-603  |b ger  |c DE-603  |d DE-603 
041 |a est 
082 0 4 |8 1\u  |a 340.09  |q DE-101  |2 23/BSB 
083 0 |8 2\u  |a 351.09  |q DE-101  |2 23/BSB 
085 |8 1\u  |b 340.09 
085 |8 1\u  |z 1  |s 0903 
085 |8 1\u  |z 1  |s 09041 
085 |8 1\u  |z 2  |s 4798 
085 |8 2\u  |b 351.09 
085 |8 2\u  |z 2  |s 4798 
100 1 |a Traat, August  |0 (DE-603)166815977 
245 0 0 |a Vallakohus Eestis  |b 18. sajandi keskpaigast kuni 1866. aasta reformini  |c August Traat. Eesti NSV Akadeemia - Ajaloo Instituut 
264 1 |a Tallinn  |b Eesti Raamat  |c 1980 
300 |a 247 S.  |b Ill. 
710 2 |a Institut Istorii  |g Tallinn  |0 (DE-603)203329333  |0 (DE-588)6073394-9  |2 gnd 
924 0 |9 Mb 50  |a (DE-603)12685372X  |b DE-Mb50  |c HES  |d c  |g 47 XII F 10 
924 0 |9 2080  |a (DE-603)793461170  |b DE-2080  |c HES  |d d  |g /